000 01069nam a22002415i 4500
001 153392
003 ES-MaACL
005 20250727024452.0
008 990122e1845 sp |||| | spa d
040 _aCCPB | B
_bspa
_cCCPB | B
100 1 _aDavila, Manuel Hermenegildo.
_9126709
_eaut
245 1 0 _aMemoria sobre la naturaleza del hombre leída en la Academia de Ciencias Naturales de Madrid /
_cpor Manuel Hermenegildo Davila.
260 _aSalamanca :
_b[s.n.],
_c1845
_f(Imp. de Juan José Morán)
300 _a32 páginas ;
_c20 cm.
530 _aDisponible en formato digital
650 7 _aAntropología física
_2embne
_99893
710 2 _9143767
_aAcademia de Ciencias Naturales (Madrid)
_eisb
852 _aES-MaACL
_cDEPO
_dOlim: G-15442
_gDed. manuscrita del autor a Mateo Seoane
_hDonat. Mateo Seoane
_jR-1364(2)
_xHolandesa
856 _uhttp://bdh-rd.bne.es/viewer.vm?id=0000096989&page=1
_yVersión en línea
_z(Biblioteca Digital Hispánica)
942 _2udc
_cMONANT
_n0
999 _c153392
_d153392